มุมมองปกติ
มุมมองแบบ MARC
- ระบบสื่อสารข้อมูล
รายการ Topical Term
001 - CONTROL NUMBER
- control field: 23171
003 - CONTROL NUMBER IDENTIFIER
- control field: NALT
005 - DATE AND TIME OF LATEST TRANSACTION
- control field: 20171220123546.0
008 - FIXED-LENGTH DATA ELEMENTS
- fixed length control field: 171220|| aca||babn | a|a d
040 ## - CATALOGING SOURCE
- Original cataloging agency: NALT
150 ## - HEADING--TOPICAL TERM
- Topical term or geographic name entry element: ระบบสื่อสารข้อมูล
